| 000 | 00714cab a2200265 4500 | ||
|---|---|---|---|
| 001 | ABS47844 | ||
| 008 | 090401t1993 xxu||||| |||| 00| 0 eng d | ||
| 035 | _a(Sirsi) u63632 | ||
| 041 | _aeng | ||
| 100 | _aPlender, J. | ||
| 245 | _aPlender`s perspective | ||
| 260 | _c1993 | ||
| 350 | _a0 | ||
| 490 |
_aEstates Gazette _v(9301) 9 January 1993, 28 (1) |
||
| 520 | _aWeighs up the danger to the financial and property markets of the Japanese banking crisis. | ||
| 650 | _aBANK LENDING | ||
| 650 | _aBANKING | ||
| 650 | _aCRISIS | ||
| 650 | _aFINANCIAL MARKETS | ||
| 650 | _aJAPAN | ||
| 650 | _aPROPERTY | ||
| 690 | _aPROPERTY-PROPERTY FINANCE AND INVESTMENT | ||
| 942 | _n0 | ||
| 948 | _c04/03/1997 | ||
| 999 |
_c39564 _d39564 |
||